000 00646nam a22002297a 4500
001 sjds
003 sjds
005 20240524124211.0
008 230216b |||||||| |||| 00| 0 spa d
020 _a9789501109139
020 _a9501109135
020 _a9789501180718
040 _csjds
041 _aspa
100 _aLangley, Andrew
245 1 0 _aComo se sumergen los submarinos? /
_cAndrew Langley, Stuart Trotter (Illustrator)
260 _aBuenos Aires :
_bSigmar,
_cc1992
300 _a 20 unnumbered pages :
_b color illustrations ;
_c21 cm
440 _a Yo pregunto--
700 _aTrotter, Stuart
_e (Illustrator)
942 _cBK
999 _c27496
_d27496